How to read the Bible. (Record no. 10514)

000 -LEADER
fixed length control field 00503nam a2200181 a 4500
001 - CONTROL NUMBER
control field :::00008301$&:&@@
003 - CONTROL NUMBER IDENTIFIER
control field OkBaRHE
005 - DATE AND TIME OF LATEST TRANSACTION
control field 20001031102535.0
008 - FIXED-LENGTH DATA ELEMENTS--GENERAL INFORMATION
fixed length control field s1959 j 000 0 eng u
040 ## - CATALOGING SOURCE
Transcribing agency
100 1# - MAIN ENTRY--PERSONAL NAME
Personal name Grant, Frederick C.
245 10 - TITLE STATEMENT
Title How to read the Bible.
250 ## - EDITION STATEMENT
Edition statement 1st ed.
260 ## - PUBLICATION, DISTRIBUTION, ETC. (IMPRINT)
Name of publisher, distributor, etc thomas Nelson and Sons Ltd
Date of publication, distribution, etc 1959
300 ## - PHYSICAL DESCRIPTION
Extent 136 p.
942 ## - ADDED ENTRY ELEMENTS (KOHA)
Source of classification or shelving scheme
Koha item type Books
Copies
Withdrawn status Barcode Price effective from Full call number Permanent Location Lost status Not for loan Koha item type Copy number Date acquired Shelving location Date last seen Source of classification or shelving scheme Damaged status
 83012010-04-14BS 600 .G67RHEMA Bible Training College  Books12010-04-14General Stacks2010-04-14